000 00405nam a22001337a 4500
020 _a9789695571217
082 _a340.072 NAY
100 _aNyazee, Imran Ahsan Khan
245 _aLegal Research and Writing in Pakistan /
_cImran Ahsan Khan Nyazee
260 _aLahore :
_bFederal Law House,
_c2014.
300 _a432 p. ;
_c24 cm.
942 _2ddc
_cBK
999 _c586023
_d586023